| 000 | 00378nam a22001337a 4500 | ||
|---|---|---|---|
| 082 | _aCP28 | ||
| 100 |
_aLt Col Mughees Aslam _950909 |
||
| 245 |
_aEngineering Mechanics _bCourse Pack _cLt Col Mughees Aslam |
||
| 250 | _aCE-101 OD/CED 84/85 | ||
| 260 |
_aRisalpur _bMCE _c2015 |
||
| 500 | _aBE-Civil Engineering | ||
| 526 |
_a0 _b0 _c0 _dCP_000000000000000_28 |
||
| 942 |
_2ddc _cBKB |
||
| 999 |
_c553655 _d553655 |
||